书目信息 |
| 题名: |
现代职业医学
|
|
| 作者: | 王莹等主编 | |
| 分册: | ||
| 出版信息: | 北京 人民卫生出版社 1996. 7 |
|
| 页数: | 796页 | |
| 开本: | 16开 | |
| 丛书名: | ||
| 单 册: | ||
| 中图分类: | R135 | |
| 科图分类: | ||
| 主题词: | 劳动卫生 | |
| 电子资源: | ||
| ISBN: | 7-117-02406-2 | |
| 000 | 00524nam0 2200181 45 | |
| 001 | 9911301546 | |
| 005 | 19991130153829.3 | |
| 010 | @a7-117-02406-2@d89.00 | |
| 100 | @a19991130d1996 km y0chiy0120 ea | |
| 101 | @achi | |
| 105 | @a z 000yy | |
| 200 | 1 | @a现代职业医学@AXian Dai Zhi Ye Yi Xue@f王莹等主编@FWang Ying Deng Zhu Bian |
| 210 | @a北京@c人民卫生出版社@d1996. 7 | |
| 215 | @a796页@c无图表@d16开 | |
| 606 | 0 | @a劳动卫生 |
| 690 | @aR135@v3 | |
| 801 | @aCN@bPerfectUser@c19991130 | |
| 905 | @aBZT@b49900-901@f2@dR135@e1 | |
| 现代职业医学/王莹等主编.-北京:人民卫生出版社,1996. 7 |
| 796页:无图表;16开 |
| ISBN 7-117-02406-2:89.00 |
| ● |
| 相关链接 |
|
|
|
正题名:现代职业医学
索取号:R135/1
 
预约/预借
| 序号 | 登录号 | 条形码 | 馆藏地/架位号 | 状态 | 备注 |
| 1 | 49900 | 200172384 | 中心书库中库/ 中库001架A面4列5层56/ [索取号:R135/1] | 在馆 | |
| 2 | 49901 | 200172213 | 中心书库中库/ 中库001架A面4列5层57/ [索取号:R135/1] | 在馆 |